Responses for show #3384 - Thursday, April 29, 1999

Michael Rooney game 2.

Contestants

Pamela Friedl, a waitress originally from Grand Rapids, Michigan

Dave Grove, an executive assistant from Los Angeles, California

Michael Rooney, a college instructor from Pasadena, California (whose 1-day cash winnings total $8,800)

Jeopardy! Round responses

GEOGRAPHIC TERMS
THE NAME'S FAMILIAR
THE MOVIES
HISTORIC AMOURS
COMPLETES THE PROVERB
"G.G."
    $100 6
Equator

Pamela
    $100 16
Spain

Michael
    $100 11
"Dr. Strangelove"

Dave
    $100 28
Charles Dickens

Pamela
    $100 21
"Shouldn't throw stones"

Michael
    $100 1
Greta Garbo

Dave
    $200 7
(Michael: What is a plow?)

a glacier

Michael
Triple Stumper
    $200 17
Trafalgar Square

Michael
    $200 12
Brooke Shields

Michael
    $200 22
Fletcher Christian

Dave
    $200 26
(Michael: What is "healthy and wise"?)

"healthy, wealthy, and wise"

MichaelPamela
    $200 2
George Gershwin

Dave
    $300 8
Bay

Pamela
    $300 18
X

Michael
    $300 13
Jennifer Love Hewitt

Michael
    $300 23
(Michael: Who is Billy the Kid?)

the Sundance Kid

Michael
Triple Stumper
    $300 27
"Silence is golden"

Michael
    $300 3
Greg Gumbel

Pamela
    $1,000 9
Coral

Pamela
    $400 19
Balthazar

Triple Stumper
    $400 14
"Ordinary People"

Pamela
    $400 24
King Charles II

Triple Stumper
    $400 29
(Pamela: What is "bliss"?)

"no excuse"

MichaelPamela
    $400 4
Gloria Gaynor

Pamela
    $500 10
Arroyo

Triple Stumper
    $500 20
Huxley

Michael
    $500 15
(Michael: What is Notorious?)

To Catch a Thief

MichaelDave
    $500 25
(Dave: What is Prussia?)
...
(Alex: Less than a minute to go.)

Bavaria

Dave
Triple Stumper
    $500 30
"Is the hand that rules the world"

Pamela
    $500 5
Gary Gilmore

Dave

Scores at the first commercial break (after clue 14):

Michael Dave Pamela
$300 $900 $2,500

Scores at the end of the Jeopardy! Round:

Michael Dave Pamela
$1,200 $1,100 $2,900

Double Jeopardy! Round responses

"C" IN HISTORY
AIRPORT PEOPLE
NORTH DAKOTA
BEFORE & AFTER
POE FOLKS
GIGI
    $200 6
Christmas Island

Michael
    $200 1
John Wayne

Pamela
    $200 21
Parking Meters

Dave
    $200 11
Little Richard Nixon

Michael
    $200 12
"Annabel Lee"

Michael
    $200 26
Maurice Chevalier

Michael
    $400 7
Cleopatra

Pamela
    $400 2
(Edward Butch) O'Hare

Dave
    $400 22
South Dakota

Pamela
    $400 17
The Big Bad Wolf Blitzer

Dave
    $400 13
Usher

Pamela
    $400 27
(Michael: Who is Gabor?)
(Alex: Be more specific.)
[Michael draws a blank.]

Eva Gabor

MichaelPamela
    $600 8
Clemson

Michael
    $600 3
John Foster Dulles

Pamela
    $600 23
Sacajawea

Michael
    $600 18
"Joy to the World Series"

Pamela
    $600 14
The Red Death

Michael
    $600 28
Alan Jay Lerner

Dave
    $800 9
Canada

Michael
    $800 4
Leonardo Da Vinci

Dave
    $2,000 24
Theodore Roosevelt

Michael
    $800 19
"Artichoke Heart of Darkness"

Michael
    $800 15
C. Auguste Dupin

Michael
    $800 29
Leslie Caron

Dave
    $1000 10
Georges Clemenceau

Michael
    $1,000 5
Fiorello LaGuardia

Dave
    $1000 25
(Alex: Less than a minute to go in the round.)

Louis L'Amour

Triple Stumper
    $1000 20
"The High-Speed Pursuit of Happiness"

Triple Stumper
    $1000 16
Arthur Gordon Pym

Michael
    $1000 30
Collette

Triple Stumper

Scores at the end of the Double Jeopardy! Round:

Michael Dave Pamela
$9,800 $5,300 $5,900

[wagering suggestions for these scores]

Final Jeopardy! Round responses

U.S. GOVERNMENT
DaveWhat is Special Prosecutor?
$5,299
PamelaWhat is Chairman of House Ethics Committee?
$5,899
MichaelWhat is the Special Prosecutor?
$2,000
Special Prosecutor/Independent Counsel

Final scores:

Michael Dave Pamela
$11,800 $10,599 $1
2-day champion: $20,600 2nd place: Trip to Montego Bay, Jamaica 3rd place: Festina watches

Game dynamics:

Coryat scores:

Michael Dave Pamela
$8,600 $5,300 $5,300
22 R
(including 1 DD),
5 W
13 R
(including 1 DD),
1 W
16 R
(including 1 DD),
1 W

Combined Coryat: $19,200

The J! Archive is created by fans, for fans. The Jeopardy! game show and all elements thereof, including but not limited to copyright and trademark thereto, are the property of Jeopardy Productions, Inc. and are protected under law. This website is not affiliated with, sponsored by, or operated by Jeopardy Productions, Inc. Join the discussion at JBoard.tv.